Misopogon / (Record no. 173016)

MARC details
000 -LEADER
campo de control de longitud fija 00890nam a2200253 i 4500
001 - NÚMERO DE CONTROL
campo de control 173016
003 - IDENTIFICADOR DE NÚMERO DE CONTROL
campo de control ES-MaACL
005 - FECHA Y HORA DE LA ÚLTIMA TRANSACCIÓN
campo de control 20230906215115.0
008 - DATOS DE LONGITUD FIJA--INFORMACIÓN GENERAL
campo de control de longitud fija 091005s2003 fr |||| | fre d
020 ## - NÚMERO INTERNACIONAL ESTÁNDAR DEL LIBRO
Número Internacional Estándar del Libro 2-251-79970-2
080 ## - NÚMERO DE LA CLASIFICACIÓN DECIMAL UNIVERSAL
Número de la Clasificación Decimal Universal 186.4
100 0# - ENTRADA PRINCIPAL--NOMBRE DE PERSONA
Nombre de persona Juliano
Títulos y otros términos asociados al nombre Emperador de Roma.
9 (RLIN) 67242
245 10 - MENCIÓN DEL TÍTULO
Título Misopogon /
Mención de responsabilidad, etc. Julien ; texte établi et traduit par Ch. Lacombrade ; introduction, notes par Aude de Saint-Loup.
260 ## - PUBLICACIÓN, DISTRIBUCIÓN, ETC.
Lugar de publicación, distribución, etc. Paris :
Nombre del editor, distribuidor, etc. Les Belles Lettres,
Fecha de publicación, distribución, etc. 2003.
300 ## - DESCRIPCIÓN FÍSICA
Extensión XXXI, 94 p. ;
Dimensiones 18 cm.
490 1# - MENCIÓN DE SERIE
Mención de serie Classiques en poche ;
Designación de volumen o secuencia 63
500 ## - NOTA GENERAL
Nota general Cronología.
546 ## - NOTA DE IDIOMA
Nota de lengua/lenguaje Texto griego y traducción en francés.
700 1# - ENTRADA AGREGADA--NOMBRE PERSONAL
Nombre de persona Lacombrade, Christian.
9 (RLIN) 141448
700 1# - ENTRADA AGREGADA--NOMBRE PERSONAL
Nombre de persona Saint-Loup, Aude de.
9 (RLIN) 141449
830 0# - PUNTO DE ACCESO ADICIONAL DE SERIE-TÍTULO UNIFORME
Título uniforme Classiques en poche ;
Designación de volumen o secuencia 63
9 (RLIN) 189037
852 4# - LOCALIZACIÓN
Ubicación ES-MaACL
Número de control de estantería E-13002
itemnumber R.139375 . -
Nota libre Biblioteca Jacinto Martínez Lacalle
Holdings
Estatus retirado Estado de pérdida Estado de daño No para préstamo Biblioteca de origen Biblioteca actual Ubicación en estantería Fecha de adquisición Fuente de adquisición Total de préstamos Signatura topográfica completa Código de barras Visto por última vez Precio de reemplazo Tipo de ítem Koha
        Biblioteca del Ateneo de Madrid Biblioteca del Ateneo de Madrid Depósito 2 05/10/2009     E-13002 1181546 23/02/2023 23/02/2023 Libro impreso